• 首页
  • 本馆介绍
  • 公告通知
  • 最新文献
  • 馆藏检索
  • 电子资源
  • 读者导购
  • 参考咨询
  • 我的图书馆
  • 登录
  • 详细信息显示
  • 放入我的书架
  • 预约/预借图书
  • 作者相关作品
  • 分类相关作品
  • 丛书相关作品
  • 出版社相关作品

书目信息

  • 表格格式
  • 工作单格式
  • 卡片格式
题名:
倾听梁衡
    
 
作者: 成青华 编著
分册:  
出版信息: 北京   新华出版社  2004
页数: 10,396页
开本: 21cm
丛书名:
单 册:
中图分类: K825.42
科图分类:
主题词: 人物传记--新闻--中国
电子资源:
ISBN: 7-5011-6422-3
000 00890nam0 2200241 45
001 002571391
005 20050404084921.5
010    @a7-5011-6422-3@dCNY26.00
100    @a20040204d2004 em y0chiy0110 ea
101 0  @achi
102    @aCN@b110000
105    @aa z 000yd
200 1  @a倾听梁衡@Aqing ting liang heng@e在新闻、文学与政治之间@f成青华等编著@FCheng Qing Hua Deng Bian Zhu
210    @a北京@c新华出版社@d2004
215    @a10,396页@c照片@d21cm
330    @a本书叙说了梁衡在新闻、文学与政治之间的成就。内含“高原厚土,大漠雄风”、“文人为官,心路历程”、“文学苦旅,上下求索”等十一个专题内容。
517 1  @a在新闻、文学与政治之间@Azai xin wen 、 wen xue yu zheng zhi zhi jian
600  0 @a梁衡@f(1946~)@x人物研究
606 0  @a人物传记@x新闻@x中国
690    @aK825.42@v4
701  0 @a成青华@4编著
801  0 @aCN@bNLC@c20040803
905    @f5@b347135-139@dK825.42@e352CQ
    
    倾听梁衡:在新闻、文学与政治之间/成青华等编著.-北京:新华出版社,2004
    10,396页:照片;21cm
    
    
    ISBN 7-5011-6422-3:CNY26.00
    本书叙说了梁衡在新闻、文学与政治之间的成就。内含“高原厚土,大漠雄风”、“文人为官,心路历程”、“文学苦旅,上下求索”等十一个专题内容。
●
相关链接 在E读中查询图书 在五车中查询图书 在当当中查询图书 在豆瓣中查询图书


正题名:倾听梁衡     索取号:K825.42/352CQ         预约/预借

序号 登录号 条形码 馆藏地/架位号 状态 备注
1 0347135   203471359   第二样本阅览室/ [索取号:K825.42/352CQ] 在馆    
2 0347136   203471368   第二借阅区/ [索取号:K825.42/352CQ] 在馆    
3 0347137   203471377   第二借阅区/ [索取号:K825.42/352CQ] 在馆    
4 0347138   203471386   第二借阅区/ [索取号:K825.42/352CQ] 在馆    
5 0347139   203471395   第二借阅区/ [索取号:K825.42/352CQ] 在馆    
欢迎您!
大连网信软件有限公司© 版权所有